Cinderella - So This Is Love Fill-in-the-Blank Lyrics - Statistics

General Stats
  • This quiz has been taken 210 times
  • The average score is 7 of 10
Answer Stats
Lyric % Correct
So this is {love}
100%
So this is what makes {life} divine
75%
And now I {know} (and now I {know})
74%
I’ll touch every {star} in the sky
74%
My {heart} has wings
74%
And I can {fly}
72%
That I’ve been {dreaming} of
72%
I’m all {aglow}
51%
So this is the {miracle}
50%
The key to all {heaven} is mine
49%
No matching quizzes found
Score Distribution
Percent of People with Each Score
Percentile by Number Answered
Your Score History
You have not taken this quiz